00699 2200241 4500001002100000005001500021035002000036007000300056008004100059020002200100082000800122084001400130100002300144245011500167250001000282260004300292300003500335650001200370700002200382504003100404990001100435990001100446INLIS00000000000294920190119110014 a0010-0119000301ta190119 g 0 ind  a978-602-1634-20-2 a904 a904 WAW d0 aWAWAN, K. Joehanda1 aDjocjakarta :bMereka [pernah] Ada Di sini Des 1948 - Juni 1949 /cWawan K. Joehanda; editor, Bayu Widiyatmoko acet.1 aYogyakarta :bMatapadi Presindo,c2017 ax, 172 hlm. :bilus. ;c21 cm. aSEJARAH0 aBAYU, Widiyatmoko aBibliografi : hlm. 169-172 a6396 a a6396 b